000 00489nam a2200181Ia 4500
003 GCL
008 140319s9999 xx 000 0 ara d
040 _aGCL /
_cGCL
082 0 4 _a595.7
_bح ا
100 1 _aحلمى مليكة حنا
245 1 0 _aاساسيات علم الحشرات /
_cحلمى مليكة حنا
260 _a[S.N] :
_bجامعة اسيوط
300 _a466 ص
490 _a
650 0 4 _aالحشرات
650 0 4 _aعلم الحشرات
942 _2ddc
_cBK
999 _c28021
_d28021